000 00672nam a2200229 a 4500
001 13578
003 BD-JhCC
005 20240301100701.0
008 240229b2015 bg |||| ||a 000 0 ben d
020 _a9847013305248
035 _a(BD-JhCC)13578
040 _aBD-JhCC
_dBD-JhCC
041 _aBengali
082 _a891.443
_bKIC 2015
100 _a হাসান কিছলু,রোহিত
245 _aবোকা রোবট /
_cরোহিত হাসান কিছলু।
260 _aঢাকা:
_bকাকলী প্রকাশনী;
_c2015.
300 _a80 p. :
_c22 cm
650 _aBengali Novel
942 _2ddc
_cBK
999 _c13578
_d13578